LEADER 01173nam--2200397---450- 001 990006050250203316 005 20150617101137.0 010 $a88-311-3011-0 035 $a000605025 035 $aUSA01000605025 035 $a(ALEPH)000605025USA01 035 $a000605025 100 $a20120110d1987----km-y0itay0103----ba 101 $aita 102 $aIT 105 $a||||||||001yy 200 1 $aSpiegazione del Credo$fRufino$gtraduzione, introduzione e note a cura di Manlio Simonetti 205 $a2. ed. 210 $aRoma$cCittà nuova$d1987 215 $a127 p.$d21 cm. 225 2 $aCollana di testi patristici$v11 410 0$12001$aCollana di testi patristici$v11 454 1$12001 461 1$1001-------$12001 606 0 $aCredo$zSec. 3.-7.$2BNCF 676 $a238.1 700 1$aRUFINUS$c: Tyrannius$0185954 702 1$aSIMONETTI,$bManlio 801 0$aIT$bsalbc$gISBD 912 $a990006050250203316 951 $aXVII.B. Coll. 1/11$b468 DLM$cXVII.B.$d380917 959 $aBK 969 $aDILAM 979 $aRIVELLI$b90$c20150617$lUSA01$h1011 996 $aCommentarius in Symbolum apostolorum, in italiano$953251 997 $aUNISA LEADER 01698nam0 22004213i 450 001 VAN00290155 005 20250327114352.963 017 70$2N$a9783034891202 100 $a20250327d1993 |0itac50 ba 101 $aeng 102 $aCH 105 $a|||| ||||| 181 $ai$b e 182 $ab 183 $acr 200 1 $aDiscrete Event Systems: Modeling and Control$eProceedings of a Joint Workshop held in Prague, August 1992$fS. Balemi, P. Kozák, R. Smedinga editors 210 $aBasel [etc.]$cBirkhäuser$d1993 215 $avi, 230 p.$d24 cm 410 1$1001VAN00053300$12001 $aProgress in systems and control theory$1210 $aBoston$cBirkhäuser$v13 610 $aAutomatic control$9KW:K 610 $aControl$9KW:K 610 $aControl theory$9KW:K 610 $aDiscrete event systems$9KW:K 610 $aInformation Theory$9KW:K 610 $aSystems$9KW:K 620 $aCH$dBasel$3VANL002076 702 1$aBalemi$bSilvano$3VANV243994$4340 702 1$aKozák$bPetr$3VANV245263$4340 702 1$aSmedinga$bRein$3VANV245264$4340 712 $aBirkhäuser $3VANV108193$4650 801 $aIT$bSOL$c20250530$gRICA 856 4 $uhttps://doi.org/10.1007/978-3-0348-9120-2$zE-book ? Accesso al full-text attraverso riconoscimento IP di Ateneo, proxy e/o Shibboleth 899 $aBIBLIOTECA DEL DIPARTIMENTO DI MATEMATICA E FISICA$1IT-CE0120$2VAN08 912 $fN 912 $aVAN00290155 950 $aBIBLIOTECA DEL DIPARTIMENTO DI MATEMATICA E FISICA$d08DLOAD e-Book 11253 $e08eMF11253 20250528 996 $aDiscrete Event Systems: Modeling and Control$94342834 997 $aUNICAMPANIA